| 000 | 00447nam a22001697a 4500 | ||
|---|---|---|---|
| 003 | BD-DhUL | ||
| 005 | 20180319145915.0 | ||
| 008 | 180319s1148 ir ||||| |||| 00| 0 per d | ||
| 040 |
_aBD-DhUL _cBD-DhUL |
||
| 082 |
_a891.553 _bANK |
||
| 100 | 3 | _aانند رام۔ | |
| 245 | 0 |
_aکارنمہَ عشق / _cانند رام۔ |
|
| 246 | _aKārnameh 'Ishq | ||
| 300 |
_aص۔ ۲۴۸ ؛ _c۲۲ سم۔ |
||
| 650 | 0 | _aPersian fiction. | |
| 942 |
_2ddc _cBK |
||
| 999 |
_c239401 _d239401 |
||